00725nam a2200217 i 4500001000700000003000900007005001700016007000300033008004100036080001800077100003200095245008100127260003000208300002200238490001100260500004300271830001900314852003300333999001900366952012200385105065ES-MaACL20230906183755.0t|060609s1970 fr ||||1| fre d a821.14-83"01"0 aLuciano de Samosata.97458010aOeuvre amoureuse b: la vie, les intrigues... [etc.] / cLucien de Samosate. aParis : b[s.n.], c1970. a207 p. ; c21 cm.1 aCypris aBiblioteca Jacinto Martínez Lacalle.0 aCypris9232685 aES-MaACLjE-11260 bR.139224 c105065d105065 00104070aATENEOMbATENEOMcDEPO2d2008-01-17eSCl0oE-11260p1109692r2023-02-23 00:00:00w2023-02-23yMONOGRAFIA